Datum a čas kvízu
29
Celkem bodů
Celkový počet nahraných bodů na tomto kvízu bez doplňovacích otázek.
7.
Pořadí na kvízu
Konečné umístění týmu na tomto kvízu.
Zaznamenané odpovědi
| # | Otázka | Odpověď | Body | Výsledky |
|---|---|---|---|---|
| 1. | Úředník obce Včelná na Českobu... | Proti Adamu Vojtěchovi. | 1 | |
| 2. | Jak se jmenuje latinskoamerick... | Haiti | 1 | |
| 3. | Na filmovém festivalu ve franc... | Jodie Fosterová | 0 | |
| 4. | V Londýně byla minulý týden za... | Leonardo Da Vinci | 1 | |
| 5. | Čeští basketbalisté ovládli kv... | Řecko | 1 | |
| 6. | Letošní turnaj byl výjimečný v... | Ázerbájdžán, Rumunsko | 0.5 | |
| 7. | Patrik Schick vstřelil na turn... | Chorvatska | 0 | |
| 8. | Přiřaďte týmy k jejich umístěn... | 1B 2D 3A 4C | 1 | |
| 9. | Za půl bodu napište jméno česk... | Tomáš Holeš, číslo 9 | 0.5 | |
| 10. | Neuvěřitelné štěstí měl sázkař... | C | 1 |